Fundamentals of database systems / (Record no. 61880)

000 -LEADER
fixed length control field 01269cam a22003614a 4500
001 - CONTROL NUMBER
control field 14234572
003 - CONTROL NUMBER IDENTIFIER
control field NUST-PNEC
005 - DATE AND TIME OF LATEST TRANSACTION
control field 20170116180734.0
008 - FIXED-LENGTH DATA ELEMENTS--GENERAL INFORMATION
fixed length control field 060118s2007 maua b 001 0 eng
010 ## - LIBRARY OF CONGRESS CONTROL NUMBER
LC control number 2006002008
015 ## - NATIONAL BIBLIOGRAPHY NUMBER
National bibliography number GBA610314
Source bnb
016 7# - NATIONAL BIBLIOGRAPHIC AGENCY CONTROL NUMBER
Record control number 013370602
Source Uk
020 ## - INTERNATIONAL STANDARD BOOK NUMBER
International Standard Book Number 0321369572
020 ## - INTERNATIONAL STANDARD BOOK NUMBER
International Standard Book Number 0321122267 (hbk.)
020 ## - INTERNATIONAL STANDARD BOOK NUMBER
International Standard Book Number 9780321369574
020 ## - INTERNATIONAL STANDARD BOOK NUMBER
International Standard Book Number 9788131716250
035 ## - SYSTEM CONTROL NUMBER
System control number (OCoLC)ocm62796197
040 ## - CATALOGING SOURCE
Original cataloging agency DLC
Transcribing agency PNEC
042 ## - AUTHENTICATION CODE
Authentication code pcc
082 00 - DEWEY DECIMAL CLASSIFICATION NUMBER
Classification number 005.74 ELM
100 1# - MAIN ENTRY--PERSONAL NAME
Personal name Elmasri, Ramez.
245 10 - TITLE STATEMENT
Title Fundamentals of database systems /
Statement of responsibility, etc. Ramez Elmasri, Shamkant B. Navathe.
250 ## - EDITION STATEMENT
Edition statement 5th ed.
260 ## - PUBLICATION, DISTRIBUTION, ETC.
Place of publication, distribution, etc. Boston :
Name of publisher, distributor, etc. Pearson/Addison Wesley,
Date of publication, distribution, etc. c2007.
300 ## - PHYSICAL DESCRIPTION
Extent xxviii, 1139 p. :
Other physical details ill. ;
Dimensions 24 cm.
500 ## - GENERAL NOTE
General note Includes index.
504 ## - BIBLIOGRAPHY, ETC. NOTE
Bibliography, etc. note Includes bibliographical references (p. 1067-1095) and index.
650 #0 - SUBJECT ADDED ENTRY--TOPICAL TERM
Topical term or geographic name entry element Database management.
General subdivision MIS, Computer
856 41 - ELECTRONIC LOCATION AND ACCESS
Uniform Resource Identifier <a href="http://www.amazon.com/Fundamentals-Database-Systems-Ramez-Elmasri/dp/0321369572/ref=sr_1_1?s=books&ie=UTF8&qid=1398846405&sr=1-1&keywords=9780321369574">http://www.amazon.com/Fundamentals-Database-Systems-Ramez-Elmasri/dp/0321369572/ref=sr_1_1?s=books&ie=UTF8&qid=1398846405&sr=1-1&keywords=9780321369574</a>
906 ## - LOCAL DATA ELEMENT F, LDF (RLIN)
a 7
b cbc
c orignew
d 1
e ecip
f 20
g y-gencatlg
942 ## - ADDED ENTRY ELEMENTS (KOHA)
Source of classification or shelving scheme
Koha item type Book
Holdings
Withdrawn status Lost status Source of classification or shelving scheme Damaged status Not for loan Permanent Location Current Location Shelving location Date acquired Source of acquisition Cost, normal purchase price Total Checkouts Full call number Barcode Date last seen Cost, replacement price Price effective from Koha item type
          Pakistan Navy Engineering College (PNEC) Pakistan Navy Engineering College (PNEC)   11/17/2009 Library Grant 824.50   005.74 ELM PNECLIB-029352 11/20/2014 824.50 11/17/2009 Book
          Pakistan Navy Engineering College (PNEC) Pakistan Navy Engineering College (PNEC)   11/17/2009 Library Grant 824.50   005.74 ELM PNECLIB-029354 11/20/2014 824.50 11/17/2009 Book
          Pakistan Navy Engineering College (PNEC) Pakistan Navy Engineering College (PNEC)   11/17/2009 Library Grant 824.50   005.74 ELM PNECLIB-029355 11/20/2014 824.50 11/17/2009 Book
          Pakistan Navy Engineering College (PNEC) Pakistan Navy Engineering College (PNEC)   11/17/2009 Library Grant 824.50   005.74 ELM PNECLIB-029356 11/20/2014 824.50 11/17/2009 Book
          Pakistan Navy Engineering College (PNEC) Pakistan Navy Engineering College (PNEC)   11/17/2009 Library Grant 824.50   005.74 ELM PNECLIB-029357 11/20/2014 824.50 11/17/2009 Book
          Pakistan Navy Engineering College (PNEC) Pakistan Navy Engineering College (PNEC)   11/17/2009 Library Grant 824.50   005.74 ELM PNECLIB-029358 11/20/2014 824.50 11/17/2009 Book
          Pakistan Navy Engineering College (PNEC) Pakistan Navy Engineering College (PNEC)   11/17/2009 Library Grant 824.50   005.74 ELM PNECLIB-029359 11/20/2014 824.50 11/17/2009 Book
          Pakistan Navy Engineering College (PNEC) Pakistan Navy Engineering College (PNEC)   02/15/2000 NUST Recurring 740.00   005.74 ELM PNECLIB-030252 11/20/2014 740.00 02/15/2000 Book
          Pakistan Navy Engineering College (PNEC) Pakistan Navy Engineering College (PNEC)   11/17/2009 Library Grant 824.50   005.74 ELM PNECLIB-029350 11/20/2014 824.50 11/17/2009 Book
          Pakistan Navy Engineering College (PNEC) Pakistan Navy Engineering College (PNEC)   11/17/2009 Library Grant 824.50   005.74 ELM PNECLIB-029351 11/20/2014 824.50 11/17/2009 Book
          Pakistan Navy Engineering College (PNEC) Pakistan Navy Engineering College (PNEC)   11/17/2009 Library Grant 824.50   005.74 ELM PNECLIB-029353 11/20/2014 824.50 11/17/2009 Book
          Pakistan Navy Engineering College (PNEC) Pakistan Navy Engineering College (PNEC)   12/15/2000 Library Grant 740.00   005.74 ELM PNECLIB-030253 11/27/2014 740.00 12/15/2000 Book
          Pakistan Navy Engineering College (PNEC) Pakistan Navy Engineering College (PNEC)   11/17/2009 Library Grant 824.50   005.74 ELM PNECLIB-029348 11/27/2014 824.50 11/17/2009 Book
          Pakistan Navy Engineering College (PNEC) Pakistan Navy Engineering College (PNEC)   11/17/2009 Library Grant 824.50   005.74 ELM PNECLIB-029349 12/11/2014 824.50 11/17/2009 Book
          Pakistan Navy Engineering College (PNEC) Pakistan Navy Engineering College (PNEC)   11/24/2015 Donated     005.74 ELM PNECLIB-032174 11/24/2015     Book
© 2023 Central Library, National University of Sciences and Technology. All Rights Reserved.